[Event "2nd Washington Int"]
[Site "Rockville USA"]
[Date "2013.08.07"]
[Round "4.1"]
[White "Smirin,I"]
[Black "Corrales Jimenez,F"]
[Result "1-0"]
[WhiteElo "2663"]
[BlackElo "2598"]

1.e4 c5 2.Nf3 d6 3.d4 cxd4 4.Nxd4 Nf6 5.Nc3 g6 6.Be3 Bg7 7.Be2 O-O 8.Qd2 Nc6
9.O-O-O Ng4 10.Bxg4 Bxg4 11.f3 Bd7 12.Nxc6 bxc6 13.Bh6 Qa5 14.Bxg7 Kxg7 15.h4 h5
16.Rhe1 Be6 17.Kb1 Rab8 18.Re3 Rb4 19.f4 d5 20.f5 d4 21.Rd3 Qe5 22.Ne2 Rfb8
23.fxe6 Rxb2+ 24.Ka1 Qxe6 25.Rb3 R2xb3 26.Qxd4+ Kg8 27.cxb3 c5 28.Qxc5 Qxe4
29.Nc3 Qxh4 30.Qxa7 Qg3 31.Nd5 Qe5+ 32.Qd4 Qe2 33.Rd2 Qe1+ 34.Kb2 Rc8 35.Nc3 e5
36.Qf2 Qxf2 37.Rxf2 f5 38.a4 Kf7 39.a5 Ke6 40.b4 e4 41.a6 e3 42.Rf3  1-0

[Event "2nd Washington Int"]
[Site "Rockville USA"]
[Date "2013.08.08"]
[Round "6.2"]
[White "Smirin,I"]
[Black "Quesada Perez,Yu"]
[Result "1/2-1/2"]
[WhiteElo "2663"]
[BlackElo "2636"]

1.e4 e5 2.Nf3 Nc6 3.Bb5 Nf6 4.d3 Bc5 5.c3 O-O 6.O-O d6 7.Nbd2 Bb6 8.Nc4 Ne7
9.Ba4 Ng6 10.h3 Be6 11.Nxb6 axb6 12.Re1 h6 13.d4 c6 14.Bc2 Qc7 15.Be3 b5
16.a3 Rfe8 17.Nd2 Rad8 18.a4 bxa4 19.Rxa4 Ra8 20.Qa1 Rxa4 21.Qxa4 d5 22.dxe5 Qxe5
23.exd5 Qxd5 24.Qb4 Qd7 25.Bxg6  1/2-1/2

[Event "2nd Washington Int"]
[Site "Rockville USA"]
[Date "2013.08.09"]
[Round "7.1"]
[White "Mulyar,M"]
[Black "Smirin,I"]
[Result "1/2-1/2"]
[WhiteElo "2389"]
[BlackElo "2663"]

1.d4 c5 2.d5 Nf6 3.Nf3 g6 4.c4 Bg7 5.Nc3 O-O 6.e4 d6 7.h3 Na6 8.Bg5 h6 9.Be3 e6
10.Bd3 exd5 11.exd5 b5 12.cxb5 Nc7 13.Bc4 a6 14.bxa6 Bxa6 15.Bxa6 Rxa6 16.Qd2 Qa8
17.Rd1 Kh7 18.O-O Nd7 19.Bf4 Nb6 20.b3 Bxc3 21.Qxc3 Nbxd5 22.Qc1 Nxf4 23.Qxf4 Ne6
24.Qc4 Rd8 25.a4 Rb6 26.Rfe1 Rb4 27.Qc3 Qb7 28.a5 Rxb3 29.Qf6 Qc7 30.Rxe6 fxe6
31.Ne5 Rg8 32.Qxe6 Rb7 33.Rxd6 Qe7 34.Qd5 Rc7 35.a6 c4 36.Re6 Qg5 37.Qd6 Rgg7
38.Ng4 c3 39.f4 Qf5 40.Re5 c2 41.Rxf5 c1=Q+ 42.Kh2 gxf5 43.Nf6+ Kg6 44.Ne8+ Kh7
45.Nf6+ Kg6 46.Ne8+ Kh7 47.Nf6+  1/2-1/2

[Event "2nd Washington Int"]
[Site "Rockville USA"]
[Date "2013.08.10"]
[Round "8.3"]
[White "Smirin,I"]
[Black "Sarkar,J"]
[Result "1-0"]
[WhiteElo "2663"]
[BlackElo "2437"]

1.Nf3 c5 2.e4 d6 3.d4 cxd4 4.Nxd4 Nf6 5.Nc3 a6 6.f4 e5 7.Nf3 Qc7 8.Bd3 Be7
9.O-O O-O 10.Kh1 Nbd7 11.Nh4 Nc5 12.fxe5 dxe5 13.Bg5 Be6 14.Nf5 Bd8 15.Qf3 Ne8
16.Be3 f6 17.Be2 g6 18.Rad1 Rc8 19.Nd5 Bxd5 20.Rxd5 Ne6 21.Qg4 Kh8 22.Nd6 Nxd6
23.Qxe6 Nxe4 24.Bd3  1-0

[Event "2nd Washington Int"]
[Site "Rockville USA"]
[Date "2013.08.11"]
[Round "9.2"]
[White "Ludwig,Dan"]
[Black "Smirin,I"]
[Result "1/2-1/2"]
[WhiteElo "2479"]
[BlackElo "2663"]

1.d4 Nf6 2.c4 g6 3.Nc3 Bg7 4.e4 d6 5.Be2 O-O 6.Bg5 Nbd7 7.f3 a6 8.Nh3 c5
9.dxc5 Nxc5 10.Nf2 Bd7 11.O-O b5 12.Qd2 b4 13.Nd5 Nxd5 14.exd5 Re8 15.Ne4 Qb6
16.Be3 e6 17.dxe6 Rxe6 18.Bxc5 dxc5 19.Qxd7 Rd8 20.Qa4 f5 21.Ng3  1/2-1/2

[Event "Baku Open 2013"]
[Site "Baku AZE"]
[Date "2013.09.20"]
[Round "2.6"]
[White "Jumabayev,R"]
[Black "Smirin,I"]
[Result "1-0"]
[WhiteElo "2562"]
[BlackElo "2663"]

1.d4 Nf6 2.c4 g6 3.Nc3 Bg7 4.e4 d6 5.Nf3 O-O 6.Be2 e5 7.O-O Nc6 8.d5 Ne7
9.b4 Nh5 10.g3 c6 11.Nd2 Bh3 12.Re1 Nf6 13.Nb3 cxd5 14.exd5 h6 15.Bb2 Rc8
16.Rc1 h5 17.c5 Nf5 18.Bf3 e4 19.Nxe4 Nxe4 20.Bxg7 Nxf2 21.Qd2 Kxg7 22.Qxf2 h4
23.Nd2 hxg3 24.hxg3 a5 25.Ne4 Rh8 26.g4 Nh4 27.g5 Kf8 28.Nf6 axb4 29.Re8+ Qxe8
30.Nxe8 Rxe8 31.Bh1 dxc5 32.Qf6 Kg8 33.d6 Rh7 34.Bxb7 Bd7 35.Bd5 Kf8 36.Bxf7 Nf3+
37.Kf2  1-0

[Event "Baku Open 2013"]
[Site "Baku AZE"]
[Date "2013.09.21"]
[Round "3.13"]
[White "Smirin,I"]
[Black "Kanter,E"]
[Result "1-0"]
[WhiteElo "2663"]
[BlackElo "2417"]

1.e4 c5 2.c3 d5 3.exd5 Qxd5 4.d4 g6 5.Na3 Bg7 6.Nb5 Na6 7.Be3 cxd4 8.Nf3 Nf6
9.Qxd4 b6 10.Bc4 Qb7 11.O-O O-O 12.Qh4 Nc7 13.Nbd4 Ncd5 14.Bh6 Qc7 15.Bb3 e5
16.Nc2 Bb7 17.Rfe1 Nf4 18.Bxf4 exf4 19.Ncd4 h6 20.Ne5 g5 21.Qh3 Ne4 22.Ng4 Kh7
23.Nf5 Qc6 24.Rxe4 Qxe4 25.Nf6+ Bxf6 26.Qxh6+ Kg8 27.Qg6+  1-0

[Event "Baku Open 2013"]
[Site "Baku AZE"]
[Date "2013.09.22"]
[Round "4.1"]
[White "Maghalashvili,Da"]
[Black "Smirin,I"]
[Result "1/2-1/2"]
[WhiteElo "2502"]
[BlackElo "2663"]

1.d4 Nf6 2.Nf3 c5 3.d5 e6 4.c4 exd5 5.cxd5 g6 6.g3 Bg7 7.Bg2 O-O 8.O-O d6
9.Nc3 Re8 10.Bf4 Na6 11.Nd2 Nh5 12.Be3 Nc7 13.a4 b6 14.Nc4 Ba6 15.Na3 Qd7
16.Re1 f5 17.Bg5 Nf6 18.Qc2 Ng4 19.h3 Ne5 20.Rad1 h6 21.Bc1 g5 22.e4 f4 23.gxf4 gxf4
24.Bxf4 Rf8 25.Bg3 Nf3+ 26.Bxf3 Rxf3 27.Kg2 Raf8 28.Ne2 Bc8 29.Ng1 Bd4 30.Rxd4 cxd4
31.Qd2 R3f6 32.Qxd4 Rg6 33.Nc2 Ne8 34.Kh2 h5 35.Ne3 Nf6 36.Ng2 Qg7  1/2-1/2

[Event "Baku Open 2013"]
[Site "Baku AZE"]
[Date "2013.09.23"]
[Round "5.8"]
[White "Smirin,I"]
[Black "Rogozenco,D"]
[Result "1-0"]
[WhiteElo "2663"]
[BlackElo "2515"]

1.e4 c5 2.Nf3 e6 3.b3 d6 4.Bb2 a6 5.d4 cxd4 6.Nxd4 Nf6 7.Nd2 e5 8.Ne2 Nc6
9.c4 Be7 10.Nc3 O-O 11.Bd3 Nd7 12.O-O Nc5 13.Be2 Bg5 14.Nf3 Bh6 15.h3 g6
16.Bc1 Bg7 17.Re1 Ne6 18.Nd5 f5 19.Be3 f4 20.Bb6 Qd7 21.b4 h5 22.h4 Ncd8
23.Qb3 Nf7 24.c5 dxc5 25.Bxc5 Nxc5 26.bxc5 Qd8 27.Rad1 Be6 28.Bc4 Kh8 29.Nxf4 Bxc4
30.Nxg6+ Kh7 31.Nxf8+  1-0

[Event "Baku Open 2013"]
[Site "Baku AZE"]
[Date "2013.09.26"]
[Round "8.4"]
[White "Smirin,I"]
[Black "Pantsulaia,L"]
[Result "1-0"]
[WhiteElo "2663"]
[BlackElo "2596"]

1.e4 c6 2.d4 d5 3.e5 Bf5 4.Nf3 e6 5.Be2 Nd7 6.O-O Ne7 7.Nbd2 Ng6 8.Nb3 f6
9.Ne1 h5 10.f4 h4 11.c3 Qb6 12.Nc2 O-O-O 13.Ne3 Ne7 14.c4 Qc7 15.cxd5 Nxd5
16.Nxd5 exd5 17.Bg4 Bxg4 18.Qxg4 Kb8 19.Bd2 Nb6 20.Ba5 Qf7 21.Nc5 Re8 22.e6 Qh5
23.Nd7+ Kc7 24.Qh3 Qe2 25.Nxf8 Rhxf8 26.f5 Rh8 27.Rf2 Qb5 28.Bd2 Kb8 29.a4 Qa6
30.Qg4 h3 31.Qxg7 hxg2 32.Qxf6 Nc4 33.Bf4+ Ka8 34.e7 Rh7 35.Re1 Qa5 36.Rfe2 Qb6
37.Bg3 a5 38.b3 Qxb3 39.Qg6  1-0

[Event "Baku Open 2013"]
[Site "Baku AZE"]
[Date "2013.09.27"]
[Round "9.3"]
[White "Alekseev,Evgeny"]
[Black "Smirin,I"]
[Result "1/2-1/2"]
[WhiteElo "2710"]
[BlackElo "2663"]

1.e4 c5 2.Nf3 e6 3.d4 cxd4 4.Nxd4 a6 5.Bd3 Bc5 6.Nb3 Be7 7.Qg4 g6 8.Qe2 d6
9.O-O Nd7 10.Na3 Ne5 11.Nc4 Nxc4 12.Bxc4 Qc7 13.Bd3 Bd7 14.c4 Nf6 15.Bh6 e5
16.Rac1 Ng4 17.Bd2 O-O 18.f3 Nf6 19.Qf2 Rac8 20.Be3 Nh5 21.Rfd1 Nf4 22.Bf1 Ba4
23.Rd2 Ne6 24.Na1 Bg5  1/2-1/2

[Event "Oslo Int Open 2013"]
[Site "Oslo NOR"]
[Date "2013.09.29"]
[Round "1"]
[White "Smirin,I"]
[Black "Groenn,A"]
[Result "1-0"]
[WhiteElo "2663"]
[BlackElo "2372"]

1.e4 c5 2.Nf3 d6 3.d4 cxd4 4.Nxd4 Nf6 5.Nc3 Nc6 6.Be2 g6 7.Nb3 Bg7 8.O-O O-O
9.Kh1 a6 10.a4 b6 11.f4 Bb7 12.Bf3 Nd7 13.Be3 Rc8 14.Bg4 Ncb8 15.Nd4 Rxc3
16.bxc3 Bxe4 17.Bf3 Nc5 18.f5 Nbd7 19.Bxe4 Nxe4 20.Nc6 Qe8 21.Bd4 Ndf6 22.Nb4 Qc8
23.Qd3 gxf5 24.Qxa6 Qxa6 25.Nxa6 Nd5 26.Nb4 Nexc3 27.Nxd5 Nxd5 28.Bxg7 Kxg7
29.Rxf5 e6 30.Rg5+ Kf6 31.h4 h6 32.Rf1+ Ke7 33.Rg7 h5 34.Rh7 Ne3 35.Rb1 Nf5
36.Kh2 Nxh4 37.Rxb6 e5 38.a5 Ra8 39.a6 Ng6 40.Rb7+ Ke6 41.a7 e4 42.Rhxf7 e3
43.Rf3 e2 44.Re3+ Kd5 45.Rxe2 Kc6 46.Rh7 Ne5 47.Re1 Ng4+ 48.Kh3 Nf6 49.Rf7 Nd7
50.Ra1  1-0

[Event "Oslo Int Open 2013"]
[Site "Oslo NOR"]
[Date "2013.09.29"]
[Round "3"]
[White "Smirin,I"]
[Black "Lundin,J"]
[Result "1-0"]
[WhiteElo "2663"]
[BlackElo "2285"]

1.e4 e5 2.Nf3 Nc6 3.Bb5 Nf6 4.Qe2 d6 5.d4 a6 6.Bxc6+ bxc6 7.dxe5 dxe5 8.Nbd2 Bd6
9.Nc4 a5 10.Bg5 h6 11.Bh4 Ba6 12.Nfd2 Qe7 13.Qf3 a4 14.Ne3 Qe6 15.Nf5 Bf8
16.a3 Nd7 17.Qc3 g6 18.Ne3 Bc5 19.Nf3 O-O 20.O-O-O Kh7 21.Rxd7 Bxe3+ 22.Qxe3 Qxd7
23.Bf6 Rfe8 24.Rd1 Qg4 25.Nxe5 Qe6 26.Rd7 Rf8 27.Qf4 g5 28.Qf3 Be2 29.Qf5+ Qxf5
30.exf5 Kg8 31.Nxc6 Bf1 32.Ne7+ Kh7 33.Ng6 Bxg2 34.Rxc7 Be4 35.Nxf8+ Rxf8
36.Rc5 Re8 37.Kd2 Bf3 38.Kc3 Bg4 39.Bd4 Rd8 40.Ra5 Rc8+ 41.Kd2 Rd8 42.Rxa4 Bxf5
43.c3 Kg6 44.b4 Kh5 45.b5 Kg4 46.b6 Kh3 47.Rb4  1-0

[Event "Oslo Int Open 2013"]
[Site "Oslo NOR"]
[Date "2013.09.29"]
[Round "4"]
[White "Nijs,N"]
[Black "Smirin,I"]
[Result "1/2-1/2"]
[WhiteElo "2298"]
[BlackElo "2663"]

1.d4 d6 2.Nf3 Nf6 3.Bg5 Nbd7 4.Nbd2 h6 5.Bh4 g5 6.Bg3 Nh5 7.e4 Bg7 8.c3 e6
9.Bd3 O-O 10.Ng1 Nxg3 11.hxg3 c5 12.Ne2 cxd4 13.Nxd4 Ne5 14.Be2 Nc6 15.Nc2 d5
16.exd5 exd5 17.Nb3 f5 18.O-O f4 19.Bf3 fxg3 20.Qxd5+ Kh8 21.fxg3 Qc7 22.Qc5 Rf5
23.Qe3 Ne5 24.Be2 Rxf1+ 25.Rxf1 b6 26.Ncd4 Bb7 27.Nf5 Bf8 28.Nbd4 Re8 29.Qf2 Qf7
30.Bb5 Rd8 31.Qe2 Qd5 32.Re1 Nc6 33.Bc4 Nxd4 34.Nxd4 Qd6 35.Qe5+ Qxe5 36.Rxe5 Bc5
37.Bb5 Bd5  1/2-1/2

[Event "Oslo Int Open 2013"]
[Site "Oslo NOR"]
[Date "2013.09.29"]
[Round "5"]
[White "Smirin,I"]
[Black "Lie,Es"]
[Result "1/2-1/2"]
[WhiteElo "2663"]
[BlackElo "2455"]

1.e4 e5 2.Nf3 Nc6 3.Bb5 a6 4.Ba4 Nf6 5.O-O Be7 6.Qe2 b5 7.Bb3 O-O 8.c3 d6
9.Rd1 Na5 10.Bc2 c5 11.d4 Qc7 12.d5 Nc4 13.a4 Bd7 14.b3 Nb6 15.a5 Nc8 16.Nbd2 g6
17.Nf1 Nh5 18.Bh6 Re8 19.Ng3 Nxg3 20.fxg3 Bf8 21.Be3 Bg7 22.Rf1 f6 23.b4 c4
24.Rf2 Rf8 25.Nh4 Ne7 26.g4 h6 27.g3 g5 28.Nf5 Nxf5 29.gxf5 Rf7 30.h4 Be8
31.Raf1 Rb8 32.Qd2 Qe7 33.Rh2 Rb7 34.Bd1 Bf8 35.Bh5 Rg7 36.hxg5 hxg5 37.Bxe8 Qxe8
38.Rh6 Rbf7 39.Rg6 Be7 40.Qh2 Rxg6 41.fxg6 Rg7 42.Qh3 g4 43.Qxg4 Qxg6 44.Qxg6 Rxg6
45.Kg2 Kg7 46.Rh1 Bd8 47.Kf3 Be7 48.Rh5 Bd8 49.Bb6 Be7 50.Bc7 Kg8 51.Rh4 Kg7
52.Rg4 Rxg4 53.Kxg4 Kg6 54.Bb6 Bf8 55.Be3  1/2-1/2

[Event "Oslo Int Open 2013"]
[Site "Oslo NOR"]
[Date "2013.09.29"]
[Round "6"]
[White "Hauge,Lars Oskar"]
[Black "Smirin,I"]
[Result "1/2-1/2"]
[WhiteElo "2282"]
[BlackElo "2663"]

1.e4 e5 2.Nf3 Nc6 3.Bb5 a6 4.Ba4 Nf6 5.O-O Be7 6.Re1 b5 7.Bb3 d6 8.c3 O-O
9.d4 Bg4 10.d5 Na5 11.h3 Nxb3 12.axb3 Bh5 13.c4 Nd7 14.Na3 Bg6 15.b4 f5 16.exf5 Bxf5
17.Be3 Qe8 18.b3 Qg6 19.Kh2 Be4 20.Rg1 Rab8 21.cxb5 axb5 22.Nb1 Bc2 23.Qd2 Bxb3
24.Ra7 Bd8 25.Nc3 Nb6 26.Bxb6 Rxb6 27.Qe1 Qf5 28.Kh1 Qf4 29.Qd2 Rb8 30.Re1 Qxb4
31.Rb1 Qc4 32.Ra3 b4 33.Rbxb3 bxc3 34.Rxc3 Qf1+ 35.Kh2 Rb1 36.Qd3 Qh1+ 37.Kg3 h5
38.Qg6 Rb4 39.Qxh5 Rxf3+ 40.Rxf3 Bh4+ 41.Qxh4 Rxh4 42.Kxh4 Qxg2 43.Ra8+ Kh7
44.Raf8 Qf1 45.R3f5 Qc1 46.Rg5 g6  1/2-1/2

[Event "Oslo Int Open 2013"]
[Site "Oslo NOR"]
[Date "2013.09.29"]
[Round "7"]
[White "Smirin,I"]
[Black "Lampert,J"]
[Result "1/2-1/2"]
[WhiteElo "2663"]
[BlackElo "2376"]

1.e4 e5 2.Bc4 Nc6 3.Nf3 Nf6 4.d3 Bc5 5.c3 O-O 6.Nbd2 a6 7.O-O d6 8.Bb3 Ba7
9.Nc4 h6 10.Be3 b5 11.Ncd2 d5 12.Bxa7 Rxa7 13.a4 Re8 14.exd5 Nxd5 15.Re1 Nf4
16.d4 exd4 17.cxd4 Rxe1+ 18.Qxe1 Be6 19.Qe4 Nxd4 20.Bxe6 Nfxe6  1/2-1/2

[Event "Oslo Int Open 2013"]
[Site "Oslo NOR"]
[Date "2013.09.29"]
[Round "8"]
[White "Svane,R"]
[Black "Smirin,I"]
[Result "1/2-1/2"]
[WhiteElo "2445"]
[BlackElo "2663"]

1.d4 Nf6 2.c4 g6 3.Nc3 Bg7 4.e4 d6 5.Nf3 O-O 6.Be2 e5 7.dxe5 dxe5 8.Qxd8 Rxd8
9.Bg5 c6 10.Nxe5 Re8 11.O-O-O Na6 12.Rd6 Be6 13.f4 Nc5 14.Bf3 h6 15.Bh4 Nfd7
16.Nxd7 Nxd7 17.Kc2 f5 18.Rhd1 fxe4 19.Bxe4 g5 20.fxg5 hxg5 21.Bxg5 Ne5 22.Rd8 Nxc4
23.Rxa8 Rxa8 24.b3 Ne5 25.Rd8+ Rxd8 26.Bxd8 Ng4 27.h3 Nf2 28.Bh4 Nxe4 29.Nxe4 Bd5
30.Kd3 c5 31.Be7 b6 32.Bd6 a5 33.Bc7 b5 34.Nxc5 Bxg2 35.h4 Bf8 36.Ne4 a4
37.Kd4 axb3 38.axb3 Be7 39.h5 Bf3 40.h6 Bd1  1/2-1/2

[Event "Oslo Int Open 2013"]
[Site "Oslo NOR"]
[Date "2013.09.29"]
[Round "9"]
[White "Getz,N"]
[Black "Smirin,I"]
[Result "0-1"]
[WhiteElo "2358"]
[BlackElo "2663"]

1.e4 c5 2.Nf3 e6 3.d4 cxd4 4.Nxd4 a6 5.g3 d5 6.e5 Nc6 7.Nxc6 bxc6 8.Bg2 Qc7
9.O-O Qxe5 10.c4 Nf6 11.Nc3 Be7 12.Bf4 Qh5 13.Bf3 Qg6 14.Re1 Ra7 15.h4 h5
16.cxd5 cxd5 17.Qa4+ Bd7 18.Qd4 Rb7 19.Nxd5 Nxd5 20.Bxd5 exd5 21.Rxe7+ Kxe7
22.Qc5+ Kd8 23.Bg5+ f6 24.Qa5+ Ke7 25.Re1+ Kf8 26.Qd8+ Be8 27.Bf4 Rd7 28.Qc8 Qf7
29.Bd2 g6 30.Qxa6 Kg7 31.Qb6 d4 32.a4 Qd5 33.a5 Rb7 34.Qa6 Bc6 35.Rc1 Qh1+  0-1

[Event "Oslo Int Open 2013"]
[Site "Oslo NOR"]
[Date "2013.09.30"]
[Round "2"]
[White "Andersen,Mad"]
[Black "Smirin,I"]
[Result "1-0"]
[WhiteElo "2479"]
[BlackElo "2663"]

1.d4 Nf6 2.c4 g6 3.Nf3 Bg7 4.g3 c5 5.d5 O-O 6.Nc3 e6 7.Bg2 exd5 8.cxd5 d6
9.O-O Re8 10.Nd2 Nbd7 11.a4 Ne5 12.h3 Nh5 13.Kh2 f5 14.f4 Nf7 15.e4 Nf6 16.exf5 Bxf5
17.Nc4 Ne4 18.Ne2 b6 19.Ra3 a6 20.g4 Bd7 21.Re3 b5 22.Rxe4 Rxe4 23.Bxe4 bxc4
24.Nc3 Rb8 25.Bc2 Qa5 26.Qd2 Bd4 27.Re1 Qd8 28.Kg3 Qf8 29.Qe2 Re8 30.Qf1 g5
31.fxg5 Rxe1 32.Qxe1 Ne5 33.Bf4 Nd3 34.Qe4 Qb8 35.Ne2 Qxb2 36.Qe7 Bf2+ 37.Kf3 Qg7
38.Qd8+ Qf8 39.Qxf8+ Kxf8 40.Bxd3 cxd3 41.Kxf2 dxe2 42.Bxd6+ Kf7 43.Bxc5 Bxa4
44.Kxe2 Bb3 45.d6 Be6 46.Kf3 Kg6 47.Kf4 Bd7 48.Bb4 Bc8 49.h4 Kf7 50.h5 Bd7
51.Bc3 Bc8 52.g6+ hxg6 53.h6 Kg8 54.g5  1-0

[Event "Rilton Cup 2013-14"]
[Site "Stockholm SWE"]
[Date "2013.12.28"]
[Round "2.2"]
[White "Lauber,A"]
[Black "Smirin,I"]
[Result "0-1"]
[WhiteElo "2448"]
[BlackElo "2642"]

1.d4 d6 2.c4 e5 3.Nf3 e4 4.Ng5 f5 5.Nc3 Be7 6.Nh3 Nf6 7.g3 c6 8.Bg2 Nbd7
9.d5 Nb6 10.Qb3 Nfd7 11.Qc2 Ne5 12.b3 cxd5 13.cxd5 Bd7 14.Bb2 Rc8 15.Qd1 Nbc4
16.bxc4 Nxc4 17.Rb1 Nxb2 18.Rxb2 Rxc3 19.Rxb7 Qc8 20.Rb1 O-O 21.O-O Qa6 22.f3 e3
23.Nf4 Rfc8 24.Nd3 Ba4 25.Qe1 Bf6 26.Nb4 Qc4 27.f4 Ra3 28.Nc6 Rxa2 29.Bf3 Bc2
30.Qc1 Qc3 31.Rb7 a5 32.Re7 Qc5 33.Re6 Kf8 34.Kh1 Re8 35.Rxe8+ Kxe8 36.Rg1 Ra1  0-1

[Event "Rilton Cup 2013-14"]
[Site "Stockholm SWE"]
[Date "2013.12.29"]
[Round "3.2"]
[White "Smirin,I"]
[Black "Hillarp Persson,T"]
[Result "1-0"]
[WhiteElo "2642"]
[BlackElo "2551"]

1.e4 g6 2.d4 Bg7 3.c4 e6 4.Nc3 Ne7 5.d5 d6 6.Bd3 c6 7.dxe6 Bxe6 8.Nf3 Nd7
9.Ng5 Nc5 10.Be2 O-O 11.Be3 Nc8 12.O-O Nb6 13.Nxe6 Nxe6 14.Qd2 Qe7 15.Rad1 Rad8
16.Rfe1 f5 17.exf5 gxf5 18.f4 Qf7 19.Kh1 Nc8 20.Bf3 Rde8 21.Ne2 Nc5 22.b3 Ne4
23.Bxe4 Rxe4 24.Ng3 Re6 25.Bd4 Rfe8 26.Rxe6 Rxe6 27.Bxg7 Kxg7 28.Qd3 Kg6
29.Ne2 Kg7 30.Nd4 Rf6 31.Re1 c5 32.Nf3 h6 33.Qc3 Kg8 34.b4 cxb4 35.Qxb4 Re6
36.Rxe6 Qxe6 37.Qxb7 Qxc4 38.Qd7 Qc1+ 39.Ng1 Qc2 40.h3 Qc5 41.Kh2 Kf8 42.Qh7 Ne7
43.Qxh6+ Ke8 44.Nf3 Kd7 45.Qg7 Qc4 46.Nd4 Qxa2 47.Nxf5 Qe6 48.Ng3 Qg8 49.Qa1 Nc6
50.Qa6 Kc7 51.f5 d5 52.Qf1 a5 53.f6 Qf7 54.Ne2 a4 55.Nc3 a3 56.Nb5+ Kd8 57.Nxa3 Qc7+
58.Kh1 Ke8 59.Qf5 Nd4 60.Qh5+  1-0

[Event "Rilton Cup 2013-14"]
[Site "Stockholm SWE"]
[Date "2013.12.30"]
[Round "4.1"]
[White "Smirin,I"]
[Black "Goganov,A"]
[Result "1/2-1/2"]
[WhiteElo "2642"]
[BlackElo "2581"]

1.e4 c6 2.d4 d5 3.Nd2 dxe4 4.Nxe4 Bf5 5.Nc5 e5 6.Nxb7 Qb6 7.Nc5 exd4 8.Nb3 Bb4+
9.Bd2 Nf6 10.Bxb4 Qxb4+ 11.Qd2 Qe7+ 12.Qe2 Bxc2 13.Qxe7+ Kxe7 14.Nxd4 Be4
15.f3 Rd8 16.O-O-O Bd5 17.Nge2 c5 18.Nf5+ Kf8 19.Nc3 Nc6 20.Bb5 Nb4 21.Nxd5 Nfxd5
22.a3 Rab8 23.Bc4 Nb6 24.axb4 Nxc4 25.Rxd8+ Rxd8 26.bxc5 Rd5 27.Nd6 Rxc5
28.Nxc4 Rxc4+ 29.Kd2 Ke7 30.Ra1 Rc7 31.Ra6  1/2-1/2

[Event "Rilton Cup 2013-14"]
[Site "Stockholm SWE"]
[Date "2014.01.01"]
[Round "5.1"]
[White "Grandelius,N"]
[Black "Smirin,I"]
[Result "1-0"]
[WhiteElo "2576"]
[BlackElo "2642"]

1.e4 c5 2.Nf3 e6 3.d4 cxd4 4.Nxd4 a6 5.Bd3 Bc5 6.Nb3 Be7 7.Qg4 g6 8.Qe2 d6
9.O-O Nd7 10.Nc3 Qc7 11.Bd2 b6 12.Rae1 Bb7 13.f4 Ngf6 14.e5 Nd5 15.Ne4 dxe5
16.fxe5 O-O 17.Nf2 Nb4 18.Bh6 Rfd8 19.Ng4 Bh4 20.g3 Nxd3 21.cxd3 Be7 22.Qf2 Rf8
23.Rc1 Nc5 24.h3 Qc6 25.Kh2 Qb5 26.Nxc5 bxc5 27.Rc4 Kh8 28.Nf6 Rfd8 29.Rh4 Qc6
30.Bf8  1-0

[Event "Rilton Cup 2013-14"]
[Site "Stockholm SWE"]
[Date "2014.01.02"]
[Round "6.5"]
[White "Smirin,I"]
[Black "Socko,M"]
[Result "1-0"]
[WhiteElo "2642"]
[BlackElo "2440"]

1.e4 c5 2.Nf3 g6 3.Bc4 Bg7 4.c3 e6 5.d4 cxd4 6.Nxd4 a6 7.O-O Ne7 8.Bg5 O-O
9.Nd2 Nbc6 10.Bb3 Nxd4 11.cxd4 f6 12.Bf4 d5 13.Rc1 Kh8 14.Bc7 Qd7 15.Bb6 e5
16.dxe5 fxe5 17.Bc5 Rd8 18.exd5 Nxd5 19.Ne4 Nf4 20.Nd6 Rf8 21.Be3 Qe7 22.Bxf4 exf4
23.Re1 Qf6 24.Rc7 Bg4 25.Qd5 h6 26.h3 Rad8 27.Nf7+ Rxf7 28.Qxf7 Qxf7 29.Rxf7  1-0

[Event "Rilton Cup 2013-14"]
[Site "Stockholm SWE"]
[Date "2014.01.03"]
[Round "7.4"]
[White "Lintchevski,D"]
[Black "Smirin,I"]
[Result "1/2-1/2"]
[WhiteElo "2541"]
[BlackElo "2642"]

1.e4 g6 2.d4 Bg7 3.Nf3 d6 4.c3 Nf6 5.Bd3 O-O 6.O-O Nc6 7.Re1 e5 8.Nbd2 Nh5
9.Nb3 Bg4 10.Be2 exd4 11.cxd4 Nf6 12.h3 Bc8 13.d5 Ne7 14.Qc2 c6 15.dxc6 Nxc6
16.Bc4 Qe7 17.Bf4 Ne5 18.Nxe5 dxe5 19.Bg5 Bd7 20.Bd5 Rac8 21.Qe2 b6 22.Nd2 h6
23.Bxf6 Qxf6 24.Nc4 h5 25.Red1 Bh6 26.Rd3 Kg7 27.Rad1 Rc7 28.Na3 Qe7 29.Bc4 Bc8
30.Rd6 Qg5 31.Kh1 Qh4 32.Kg1 Qg5 33.Kh1 Qh4 34.Kg1 Qg5  1/2-1/2

[Event "Rilton Cup 2013-14"]
[Site "Stockholm SWE"]
[Date "2014.01.04"]
[Round "8.3"]
[White "Smirin,I"]
[Black "Piorun,K"]
[Result "1/2-1/2"]
[WhiteElo "2642"]
[BlackElo "2560"]

1.e4 e6 2.d4 d5 3.Nc3 Bb4 4.e5 Ne7 5.a3 Bxc3+ 6.bxc3 c5 7.h4 Qc7 8.h5 h6
9.Nf3 Bd7 10.a4 Nbc6 11.Ba3 b6 12.Bd3 O-O 13.O-O f6 14.exf6 Rxf6 15.dxc5 e5
16.Be2 Be6 17.Nh2 bxc5 18.Bxc5 Qa5 19.Bxe7 Nxe7 20.Qe1 Qc7 21.Rb1 Raf8 22.c4 dxc4
23.Rb5 Nc6 24.Bf3 Nd4 25.Rxe5 Bf5 26.Qe3 Nxf3+ 27.Nxf3 Bxc2 28.a5 Bd3 29.Re1 a6
30.Rc5 Qf4 31.Qxf4 Rxf4 32.Re7 R4f7 33.Rxf7 Rxf7 34.Ne5 Rb7 35.f4 Rb2 36.g4 Kf8
37.Rc6 Rd2 38.Rxa6 Be4 39.Nxc4 Rg2+ 40.Kf1 Rxg4 41.Ne5 Rxf4+ 42.Ke2 Rf5 43.Ng6+  1/2-1/2

[Event "Rilton Cup 2013-14"]
[Site "Stockholm SWE"]
[Date "2014.01.05"]
[Round "9.5"]
[White "Hansen,TR"]
[Black "Smirin,I"]
[Result "0-1"]
[WhiteElo "2473"]
[BlackElo "2642"]

1.c4 g6 2.g3 Bg7 3.Bg2 e5 4.Nc3 Nc6 5.Nf3 f5 6.d3 d6 7.O-O Nf6 8.Rb1 h6 9.b4 O-O
10.b5 Ne7 11.c5 Be6 12.cxd6 cxd6 13.a4 Rc8 14.Bb2 d5 15.e3 Nd7 16.Re1 g5
17.h3 Ng6 18.Rc1 f4 19.exf4 gxf4 20.g4 h5 21.gxh5 Nh4 22.Nxh4 Qxh4 23.Nxd5 Rcd8
24.Ba3 Rf7 25.Qf3 Kh8 26.d4 Rg8 27.Kf1 Bh6 28.Rc3 Rfg7 29.Be7 Rxe7 30.Nxe7 Qxe7
31.dxe5 Qb4 32.Rec1 Nxe5 33.Qe2 Qd4 34.Qe4 Qxe4 35.Bxe4 f3  0-1

[Event "Bronstein Mem Open A 2014"]
[Site "Minsk BLR"]
[Date "2014.02.11"]
[Round "1.11"]
[White "Gevorgyan,D"]
[Black "Smirin,I"]
[Result "0-1"]
[WhiteElo "2397"]
[BlackElo "2644"]

1.d4 Nf6 2.c4 g6 3.Nf3 Bg7 4.g3 O-O 5.Bg2 d6 6.Nc3 c6 7.O-O a6 8.e4 Nfd7
9.a4 a5 10.Bg5 h6 11.Be3 e5 12.Qd2 exd4 13.Bxd4 Ne5 14.b3 Na6 15.Rad1 Bg4
16.Qf4 g5 17.Qe3 Qf6 18.Bxe5 dxe5 19.h3 Be6 20.h4 g4 21.Ne1 Qe7 22.Kh2 Qb4
23.Rb1 Rfd8 24.Nc2 Qc5 25.Qe2 h5 26.Rfd1 Bh6 27.Rxd8+ Rxd8 28.Rd1 Qb6 29.Rxd8+ Qxd8
30.Ne3 Qd4 31.Ncd1 Nc5 32.f3 Nxb3 33.fxg4 Qd2 34.Bf3 Nd4 35.Bg2  0-1

[Event "Bronstein Mem Open A 2014"]
[Site "Minsk BLR"]
[Date "2014.02.13"]
[Round "3.12"]
[White "Chatalbashev,B"]
[Black "Smirin,I"]
[Result "1/2-1/2"]
[WhiteElo "2522"]
[BlackElo "2644"]

1.d4 Nf6 2.c4 g6 3.Nc3 Bg7 4.e4 d6 5.Be2 O-O 6.Be3 c6 7.Nf3 e5 8.O-O exd4
9.Bxd4 Nbd7 10.Qc2 Bh6 11.Rad1 Qe7 12.Rfe1 Ne5 13.b4 b6 14.c5 Nxf3+ 15.Bxf3 bxc5
16.bxc5 dxc5 17.Bxf6 Qxf6 18.e5 Qf5 19.Be4 Qe6 20.Na4 c4 21.Nc5 Qxe5 22.Bxc6 Qxc5
23.Bxa8 Bg4 24.Rd5 Qb6 25.Rde5 Rxa8 26.Qe4 Qb8 27.Qxg4 Bd2 28.Qxc4  1/2-1/2

[Event "Bronstein Mem Open A 2014"]
[Site "Minsk BLR"]
[Date "2014.02.14"]
[Round "4.13"]
[White "Smirin,I"]
[Black "Abasov,N"]
[Result "1-0"]
[WhiteElo "2644"]
[BlackElo "2517"]

1.e4 c5 2.Nf3 Nc6 3.Bb5 g6 4.Bxc6 bxc6 5.O-O Bg7 6.c3 Nf6 7.Re1 O-O 8.h3 Qc7
9.e5 Nd5 10.c4 Nb6 11.d3 d6 12.Bf4 d5 13.Nbd2 Bf5 14.Qe2 Rfd8 15.Rac1 a5
16.Ng5 dxc4 17.dxc4 Rd4 18.Bg3 e6 19.Nge4 Qe7 20.f4 Bh6 21.Qf2 Bxe4 22.Rxe4 Qd7
23.Re2 Bg7 24.b3 a4 25.Ne4 Ra5 26.Qe1 Qa7 27.Bf2 axb3 28.axb3 Nd7 29.Nxc5 Rxf4
30.Nxd7 Rxf2 31.Rxf2 Bh6 32.Nf6+ Kg7 33.Rd1 Bf4 34.Ng4 h5 35.Kf1 Bg5 36.Nh2 Bh4
37.Nf3 Bg3 38.Qd2 Ra3 39.Re2 Rxb3 40.Qg5 h4 41.Qf6+  1-0

[Event "Bronstein Mem Open A 2014"]
[Site "Minsk BLR"]
[Date "2014.02.17"]
[Round "7.12"]
[White "Malakhatko,V"]
[Black "Smirin,I"]
[Result "1/2-1/2"]
[WhiteElo "2539"]
[BlackElo "2644"]

1.d4 Nf6 2.c4 g6 3.Nc3 Bg7 4.e4 d6 5.Nf3 O-O 6.Be2 e5 7.O-O c6 8.Re1 exd4
9.Nxd4 Re8 10.Bf1 Nbd7 11.f3 Ne5 12.Be3 a6 13.a4 c5 14.Nc2 Be6 15.Nd5 Nxd5
16.cxd5 Bd7 17.b4 cxb4 18.Nxb4 f5 19.exf5 Qh4 20.Rb1 Bxf5 21.Bf2 Qf4 22.Bg3 Qh6
23.Rc1 Rac8 24.Rxc8 Rxc8 25.Nd3 Nf7 26.Nf4 Bc2 27.Qe2 Bd4+ 28.Kh1 Be5 29.Rc1 Bxf4
30.Bxf4 Qxf4 31.Rxc2 Rxc2 32.Qxc2 Qb4 33.g3 Kg7 34.f4 Qd4 35.Qb3 a5 36.Kg2 b6
37.Qc4 Qd2+ 38.Be2 g5 39.Kf3 gxf4 40.gxf4 Qe1 41.Qd4+ Kf8 42.Qxb6 Qh1+  1/2-1/2

[Event "Bronstein Mem Open A 2014"]
[Site "Minsk BLR"]
[Date "2014.02.19"]
[Round "9.14"]
[White "Smirin,I"]
[Black "Berg,E"]
[Result "1-0"]
[WhiteElo "2644"]
[BlackElo "2549"]

1.e4 e6 2.d4 d5 3.Nc3 Bb4 4.e5 c5 5.a3 Bxc3+ 6.bxc3 Ne7 7.h4 Qa5 8.Bd2 Qa4
9.h5 b6 10.h6 gxh6 11.Nf3 Ba6 12.Bxa6 Nxa6 13.Bxh6 cxd4 14.Nxd4 Rc8 15.Qf3 Nc5
16.Bg7 Rg8 17.Rxh7 Nf5 18.Nxf5 exf5 19.Qxf5 Qe4+ 20.Qxe4 Nxe4 21.O-O-O Nxf2
22.Rxd5 Ne4 23.e6 fxe6 24.Re5 Nc5 25.Bf6 Rxg2 26.Reh5 Rg1+ 27.Kb2 Na4+ 28.Kb3 Nc5+
29.Ka2 Rg6 30.Re7+ Kf8 31.Rxa7 Rg8 32.Rhh7 Ne4 33.Be5  1-0